000 00652nam a2200193 a 4500
001 78461
003 BD-RjUL
005 20211209083131.0
008 210926s1973 ii ||||| |||| 00| 0 ben d
035 _a(BD-RjUL)78687
040 _aBD-RjUL
_beng
_cBD-RjUL
041 _aben
082 _223
_a891.4414
_bBIR 1973
100 _aবিশী, প্রমথনাথ
_9248433
245 _aরবীন্দ্র সরণী /
_cপ্রমথনাথ বিশী
600 _a ঠাকুর, রবীন্দ্রনাথ,
_d১৮৬১-১৯৪১
_9248436
600 _aTagore, Rabindranath,
_d1861-1941
_9248437
942 _2ddc
_cBK
999 _c78461
_d78461